Taylor Swift - Paroles White Horse - Statistiques

Statistiques générales
  • Ce quiz a été pris 25 fois
  • Le résultat moyen est 258 sur 304
Statistiques - réponses
Hint Réponse % Correct
a
100%
ain't
100%
an
100%
and
100%
And
100%
fairy
100%
for
100%
I
100%
I'm
100%
me
100%
not
100%
Now
100%
now
100%
now,
100%
Outro Oh,
100%
oh
100%
on,
100%
on
100%
princess,
100%
small
100%
this
100%
This
100%
to
100%
To
100%
town
100%
Who
100%
whoa,
100%
whoa
100%
you
100%
You
100%
your
100%
around
93%
but
93%
'Cause
93%
come
93%
horse
93%
is
93%
it
93%
it's
93%
It's
93%
late
93%
one
93%
tale
93%
that
93%
Refrain That
93%
the
93%
too
93%
white
93%
you're
93%
be
87%
big
87%
find
87%
in
87%
of
87%
so
87%
someone
87%
was
87%
actually
80%
before
80%
down
80%
gonna
80%
Hollywood,
80%
just
80%
Just
80%
know
80%
might
80%
My
80%
my
80%
out
80%
Couplet 1 Say
80%
someday
80%
sorry,
80%
sorry
80%
there
80%
There
80%
treat
80%
well
80%
world,
80%
angel
73%
are
73%
catch
73%
face
73%
fairytale
73%
forgiveness,
73%
had
73%
her
73%
off
73%
should've
73%
when
73%
Begging
67%
begging
67%
Comes
67%
dreamer
67%
dreams
67%
feet
67%
girl,
67%
known,
67%
known
67%
let
67%
love
67%
many
67%
up
67%
about
60%
believed
60%
days
60%
drag
60%
Happy
60%
honestly
60%
knees
60%
Lead
60%
need
60%
stairwell
60%
Stupid
60%
As
53%
chance
53%
disappearing
53%
got
53%
hand
53%
have
53%
lost
53%
never
53%
really
53%
time
53%
Try
53%
went
53%
you'll
53%
all
47%
always
47%
back
47%
didn't
47%
endings,
47%
fight
47%
like
47%
mirror
47%
naive,
47%
upper
47%
wanted
47%
eyes
40%
forth
40%
mistake,
40%
sweep
40%
Holdin'
33%
Couplet 2 Maybe
33%
rear
27%
paced
20%
view
20%
Aucun quiz correspondant
Distribution des résultats
% des personnes avec chaque résultat
Percentile par nombre de réponses
Votre historique - résultats
Vous n’avez pas pris ce quiz